| 000 | 01569nam0a2200325 4500 | ||
|---|---|---|---|
| 001 | RU\NLR\bibl\269561 | ||
| 005 | 20260409064017.0 | ||
| 010 |
_a5-94462-226-1 _93000 |
||
| 021 |
_aRU _b2002-4306 _9205 |
||
| 021 |
_aRU _b2002-12786 _9638 |
||
| 035 | _a(NLR Aleph) 000265111 | ||
| 090 |
_a1549230 _c1549230 |
||
| 100 | _a20020517d2002 |||y0rusy50 ca | ||
| 101 | 0 | _arus | |
| 102 | _aRU | ||
| 105 | _ay ||||||||| | ||
| 200 | 1 |
_aУголовно-процессуальный кодекс Российской Федерации _e[Принят Гос. Думой 22 нояб. 2001 г. _eОдобр. Советом Федерации 5 дек. 2001 г.] _eОфиц. текст |
|
| 210 |
_aМ. _cМаркетинг _d2002 |
||
| 215 |
_a423, [1] с. _d20 |
||
| 604 |
_171001$aРоссийская Федерация _1500##$3RU\NLR\AUTH\661293027$aУголовно-процессуальный кодекс$2nlr_sh2 _aРоссийская Федерация _tУголовно-процессуальный кодекс _92146253 _3RU\NLR\AUTH\661293027 |
||
| 606 | 0 |
_aУголовно-процессуальный кодекс _yРоссийская Федерация _92078726 _3RU\NLR\AUTH\661254590 |
|
| 686 | 1 | _aХ629.3-324.9(2Р) | |
| 740 | 1 |
_aРоссийская Федерация _tЗаконы _iУголовно-процессуальный кодекс _3RU\NLR\AUTH\880379492 _9425373 |
|
| 801 | 0 |
_aRU _bRKP _c20020517 _gPSBO |
|
| 801 | 1 |
_aRU _bRKP _c20020517 |
|
| 801 | 2 |
_aRU _bNLR _c20090520 _grcr |
|
| 942 | _cBOOK | ||
| 980 | _aNB | ||